00822nam a22001937a 450000500170000000800410001704000290005804100080008708200150009510000320011024501170014226000500025930000310030949000220034050002070036250600210056965000210059065000170061120160205082327.0160205s1925 sp ||||fr|||| 000 fdspa d cSandra YazodSandra Yazo1 aspa04220a891.731 aAndreyev, Leonidd1871-191913aEl hombre que encontró la verdadbnovelacLeinidas Andreiev ; Traducción y prólogo de J. García Marcadal aMadrid (España)bJ. García Mercadalc1925 a257 páginasc18 x 13 cm. 0aColección Babel aDetalles físicos: Encuadernación rígida (holandesa) en cartón forrado en papel. Lomo en tela con adornos en dorado. Guardas. Portada. Texto impreso en una sola columna. Papel con algunas manchas aConsulta en sala 7aLiteratura rusa  7aNovela rusa